Wiener Blut
Uložené v:
| Hlavný autor: | |
|---|---|
| Médium: | Zvuková nahrávka |
| Jazyk: | German |
| Vydané: |
Stuttgart :
Klett,
2009.
|
| Edícia: | TATORT DaF Hörkrimi
|
| ISBN: |
9783125560215 |
| Fyzický popis: |
Audio CD 13/330. |
| Tagy: |
Pridať tag
Žiadne tagy, Buďte prvý kto otaguje tento záznam!
|
Titul je dostupný aj v ... 

MARC
| LEADER | 00000nim a2200000 a 4500 | ||
|---|---|---|---|
| 001 | 000483003 | ||
| 003 | SVKKK | ||
| 005 | 20130821123301.0 | ||
| 008 | 130813s2009 gw || ger d | ||
| 020 | |a 9783125560215 | ||
| 040 | |a SVKKK |b ger |c SVKKK |e AACR2 | ||
| 041 | 0 | |a ger | |
| 044 | |a gw |c DE | ||
| 080 | |a 430.8.82 |2 GI | ||
| 100 | 1 | |a Baier, Gabi |4 aut | |
| 245 | 1 | 0 | |a Wiener Blut |h Audioaufnahme |c Gabi Baier. |
| 260 | |a Stuttgart : |b Klett, |c 2009. | ||
| 300 | |a Audio CD 13/330. | ||
| 490 | 1 | |a TATORT DaF |a Hörkrimi | |
| 830 | 0 | |a TATORT DaF |a Hörkrimi | |
| 910 | |a svkkk | ||
| 919 | |a 978-3-12-556021-5 | ||
| 998 | |a AM | ||
| 090 | |g SCKGI |k Študovňa GI |a 430.8.82 BAI |i 2720267013 |s Vyp. 4 týždne | ||
| 924 | |a AVM | ||